| 000 | 00398cam a2200145ua 4500 | ||
|---|---|---|---|
| 041 |
_aeng _h |
||
| 082 |
_a823.301 _bSAL/TA |
||
| 100 | _aSaltykov-Shchedrin, . | ||
| 245 |
_aTales from M Saltykov-Shchedrin / _cSaltykov-Shchedrin. _hTextual Documents |
||
| 260 |
_aMoscow : _bForeign Language Publishing House , _c1957. |
||
| 300 | _a198 ; . | ||
| 504 | _a | ||
| 942 | _cBK | ||
| 999 |
_c8163 _d8163 |
||